LEADER 00974nam--2200349---450- 001 990003037670203316 005 20071220131906.0 010 $a0-8493-9117-2 035 $a000303767 035 $aUSA01000303767 035 $a(ALEPH)000303767USA01 035 $a000303767 100 $a20071220h2001----km-y0itay50------ba 101 $aeng 102 $aUS 105 $aa---||||001yy 200 1 $aBone mechanics handbook$fedited by Stephen C. Cowin 205 $a2. ed. 210 $aBoca Raton [etc.]$cCRC Press$dcopyr. 2001 215 $a1 v. (Paginaz. varia)$cill.$d26 cm 606 0 $aTessuto osseo$xManuali 606 0 $aBiomeccanica$xManuali 676 $a612.75 702 1$aCOWIN,$bStephen C. 801 0$aIT$bsalbc$gISBD 912 $a990003037670203316 951 $a612.75 BON$b20463 Ing.$c612$d00064518 959 $aBK 969 $aTEC 979 $aPAOLA$b90$c20071220$lUSA01$h1319 996 $aBone mechanics handbook$91026172 997 $aUNISA LEADER 03555oam 2200709I 450 001 9910459187803321 005 20200520144314.0 010 $a1-136-93748-X 010 $a1-282-88629-0 010 $a9786612886294 010 $a0-203-84689-3 024 7 $a10.4324/9780203846896 035 $a(CKB)2670000000048453 035 $a(EBL)574463 035 $a(OCoLC)670411080 035 $a(SSID)ssj0000428330 035 $a(PQKBManifestationID)11304804 035 $a(PQKBTitleCode)TC0000428330 035 $a(PQKBWorkID)10414683 035 $a(PQKB)11165791 035 $a(MiAaPQ)EBC574463 035 $a(Au-PeEL)EBL574463 035 $a(CaPaEBR)ebr10422100 035 $a(CaONFJC)MIL288629 035 $a(OCoLC)671763035 035 $a(EXLCZ)992670000000048453 100 $a20180706d2011 uy 0 101 0 $aeng 135 $aur|n|---||||| 181 $ctxt 182 $cc 183 $acr 200 00$aSocial capital and sport governance in Europe /$fedited by Margaret Groeneveld, Barrie Houlihan and Fabien Ohl 210 1$aNew York :$cRoutledge,$d2011. 215 $a1 online resource (222 p.) 225 1 $aRoutledge research in sport, culture and society 300 $aDescription based upon print version of record. 311 $a0-415-81141-4 311 $a0-415-87609-5 320 $aIncludes bibliographical references and index. 327 $aBook Cover; Title; Copyright; Contents; Figures; Tables; Acknowledgments; 1 Social Capital, Governance and Sport; 2 The EU and Sport Governance: Between Economic and Social Values; 3 Czech Sport Governance Cultures and a Plurality of Social Capitals: Politicking Zone, Movement and Community; 4 Danish Sport Governance: Tradition in Transition; 5 Sport and Social Capital in England; 6 Social Capital and Sport Governance in France; 7 Sport, Divided Societies and Social Capital in Ireland; 8 The Social Capital of Sport: The Case of Italy 327 $a9 Governance and Social Capital: Democratic Effects and Policy Outcomes in a Nordic Sport Model10 Conclusion: Understanding Social Capital as Both Metaphor and Traditional Form of Social Exchange; Contributors; Index 330 $aAlthough there is significant interest in the social role of sport in fostering civil society from both policymakers and academics, there is a lack of evidence of the specific role of sport federations in this system. This book critically presents the mechanisms and structures in a selection of sport federations within a variety of European countries that illuminate the varied relationships between not-for-profit sport federations, their members, governments and the citizens they represent. The contributors explore the contrasts and synergies between core social capital theoretical perspect 410 0$aRoutledge research in sport, culture and society. 606 $aSports and state$zEurope 606 $aSports$xSocial aspects$zEurope 606 $aSocial capital (Sociology)$zEurope 607 $aEurope$xSocial life and customs 608 $aElectronic books. 615 0$aSports and state 615 0$aSports$xSocial aspects 615 0$aSocial capital (Sociology) 676 $a796.094 701 $aGroeneveld$b Margaret M$g(Margaret Michelle)$01037934 701 $aHoulihan$b Barrie$0876626 701 $aOhl$b Fabien$01037935 801 0$bFlBoTFG 801 1$bFlBoTFG 906 $aBOOK 912 $a9910459187803321 996 $aSocial capital and sport governance in Europe$92459202 997 $aUNINA LEADER 01987nam 2200433Ia 450 001 996386983903316 005 20221107222322.0 035 $a(CKB)1000000000611359 035 $a(EEBO)2240915463 035 $a(UnM)99895987 035 $a(UnM)9928884700971 035 $a(EXLCZ)991000000000611359 100 $a19981008d1697 uy | 101 0 $alat 135 $aurbn#|||a|bb| 200 10$aBaptistæ Mantuani Carmelitæ Adolescentia, seu Bucolica. Brevibus Jod. Badii commentariis illustrata. His accesserunt J. Murmelii, in singulas eclogas argumentum, cum annotatiunculis ejusdem in locoa aliquot obscuriora. Accessit & index, non ille vetus & indigestus, sed novus omnino, ac locupletior multo?. Opera, Barth. Laurentii$b[electronic resource] 210 $aLondini $cexcudebat T.B. pro societate Stationariorum$dMDCXCVII. [1697] 215 $a[6], 163, [7] p 300 $aIncludes index. 300 $aFinal page is blank. 300 $aReproduction of original in the Folger Shakespeare Library, Washington, D.C.. 330 $aeebo-0055 606 $aYoung men$vEarly works to 1800 606 $aYoung women$vEarly works to 1800 606 $aYouth$vEarly works to 1800 615 0$aYoung men 615 0$aYoung women 615 0$aYouth 700 $aBaptista$cMantuanus,$f1447-1516.$0476291 701 $aMurmellius$b Johann$f1480-1517.$0864537 701 $aBadius$b Josse$f1462-1535.$0311222 701 $aLorente$b Bartolome?$fd. 1577.$01002520 801 0$bCu-RivES 801 1$bCu-RivES 801 2$bWaOLN 906 $aBOOK 912 $a996386983903316 996 $aBaptistæ Mantuani Carmelitæ Adolescentia, seu Bucolica. Brevibus Jod. Badii commentariis illustrata. His accesserunt J. Murmelii, in singulas eclogas argumentum, cum annotatiunculis ejusdem in locoa aliquot obscuriora. Accessit & index, non ille vetus & indigestus, sed novus omnino, ac locupletior multo?. Opera, Barth. Laurentii$92780207 997 $aUNISA LEADER 01685nam 2200457I 450 001 9910702689203321 005 20140918094448.0 035 $a(CKB)5470000002429293 035 $a(OCoLC)890794933 035 $a(EXLCZ)995470000002429293 100 $a20140918d1984 ua 0 101 0 $aeng 135 $aurbn||||||||| 181 $ctxt$2rdacontent 182 $cc$2rdamedia 183 $acr$2rdacarrier 200 10$aParameterization of cloud effects on the absorption of solar radiation /$fRoger Davies, principal investigator 210 1$aWest Lafayette, Indiana :$cDepartment of Geosciences, Purdue University ;$a[Washington, D.C. :$cNational Aeronautics and Space Administration,$d[1984] 215 $a1 online resource (99 unnumbered pages) $cillustrations, map 225 1 $aNASA-CR ;$v175154 300 $aTitle from title screen (viewed Sept. 18, 2014). 320 $aIncludes bibliographical references (pages [98-99]). 606 $aClimate models$2nasat 606 $aCloud cover$2nasat 606 $aParameterization$2nasat 606 $aRadiation absorption$2nasat 606 $aSolar radiation$2nasat 615 7$aClimate models. 615 7$aCloud cover. 615 7$aParameterization. 615 7$aRadiation absorption. 615 7$aSolar radiation. 700 $aDavies$b Roger$01390147 712 02$aPurdue University.$bDepartment of Geosciences, 712 02$aUnited States.$bNational Aeronautics and Space Administration, 801 0$bGPO 801 1$bGPO 906 $aBOOK 912 $a9910702689203321 996 $aParameterization of cloud effects on the absorption of solar radiation$93442567 997 $aUNINA